[Event "Reykjavik Open 2013"]
[Site "?"]
[Date "2013.02.26"]
[Round "9.7"]
[White "Vachier-Lagrave, Maxime"]
[Black "Ris, Robert"]
[Result "1-0"]
[BlackElo "2407"]
[Classes "?"]
[TimeControl "?"]
[WhiteElo "2715"]

1. c4 {[%clk 1:26:05]} 1... Nf6 {[%clk 1:30:45]} 2. Nc3 {[%clk 1:26:31]} 2...
e6 {[%clk 1:31:03]} 3. e4 {[%clk 1:26:42]} 3... d5 {[%clk 1:31:18]} 4. e5
{[%clk 1:27:08]} 4... d4 {[%clk 1:31:41]} 5. exf6 {[%clk 1:27:34]} 5... dxc3
{[%clk 1:32:05]} 6. bxc3 {[%clk 1:28:01]} 6... Qxf6 {[%clk 1:32:27]} 7. d4
{[%clk 1:28:29]} 7... e5 {[%clk 1:32:32]} 8. Nf3 {[%clk 1:28:43]} 8... exd4
{[%clk 1:32:44]} 9. Bg5 {[%clk 1:29:06]} 9... Qe6+ {[%clk 1:32:51]} 10. Be2
{[%clk 1:29:30]} 10... Be7 {[%clk 1:32:57]} 11. Nxd4 {[%clk 1:29:53]} 11...
Qd6 {[%clk 1:21:51]} 12. Bxe7 {[%clk 1:29:05]} 12... Qxe7 {[%clk 1:21:31]} 13.
O-O {[%clk 1:29:26]} 13... O-O {[%clk 1:20:10]} 14. Re1 {[%clk 1:29:06]} 14...
Qf6 {[%clk 1:17:14]} 15. Bf3 {[%clk 1:25:58]} 15... c6 {[%clk 1:05:00]} 16.
Qe2 {[%clk 1:18:50]} 16... Nd7 {[%clk 1:02:23]} 17. Rab1 {[%clk 1:18:09]}
17... Nc5 {[%clk 0:58:24]} 18. Qe3 {[%clk 1:18:05]} 18... Bf5 {[%clk 0:50:19]}
19. Nxf5 {[%clk 1:15:36]} 19... Qxf5 {[%clk 0:50:28]} 20. h3 {[%clk 1:15:06]}
20... b6 {[%clk 0:43:02]} 21. Bxc6 {[%clk 1:15:19]} 21... Rac8 {[%clk 0:43:14]}
 22. Bd5 {[%clk 1:14:55]} 22... Rc7 {[%clk 0:42:23]} 23. Rbd1 {[%clk 1:10:54]}
23... Ne6 {[%clk 0:39:23]} 24. h4 {[%clk 1:04:09]} 24... g6 {[%clk 0:34:52]}
25. g3 {[%clk 1:01:31]} 25... Kg7 {[%clk 0:29:46]} 26. Rd3 {[%clk 0:58:51]}
26... Re8 {[%clk 0:28:29]} 27. Qd2 {[%clk 0:58:24]} 27... Rce7 {[%clk 0:25:00]}
 28. Rf3 {[%clk 0:56:56]} 28... Qh3 {[%clk 0:23:40]} 29. Ree3 {[%clk 0:49:21]}
29... h5 {[%clk 0:20:05]} 30. Qe1 {[%clk 0:44:26]} 30... Kf8 {[%clk 0:15:27]}
31. Qb1 {[%clk 0:42:05]} 31... Kg7 {[%clk 0:15:15]} 32. Qe4 {[%clk 0:40:59]}
32... f6 {[%clk 0:10:24]} 33. Re1 {[%clk 0:40:39]} 33... Qg4 {[%clk 0:08:07]}
34. Qxg4 {[%clk 0:40:31]} 34... hxg4 {[%clk 0:08:36]} 35. Rfe3 {[%clk 0:40:52]}
 35... Kf7 {[%clk 0:08:56]} 36. f3 {[%clk 0:41:14]} 36... f5 {[%clk 0:08:30]}
37. fxg4 {[%clk 0:41:34]} 37... fxg4 {[%clk 0:08:48]} 38. Kf2 {[%clk 0:39:11]}
38... Kf6 {[%clk 0:09:15]} 39. Rxe6+ {[%clk 0:39:36]} 39... Rxe6 {[%clk
0:09:40]} 40. Rxe6+ {[%clk 1:10:04]} 40... Rxe6 {[%clk 0:40:04]} 41. Bxe6
{[%clk 1:10:32]} 41... Kxe6 {[%clk 0:40:28]} 42. Ke3 {[%clk 1:11:00]} 42...
Ke5 {[%clk 0:40:48]} 43. Ke4 1-0

[Event "Reykjavik Open 2013"]
[Site "?"]
[Date "2013.02.26"]
[Round "9.10"]
[White "Oleksienko, Mikhailo"]
[Black "Mammadova, Gulnar"]
[Result "1-0"]
[BlackElo "2369"]
[Classes "?"]
[TimeControl "?"]
[WhiteElo "2568"]

1. e4 {[%clk 1:29:42]} 1... e6 {[%clk 1:28:54]} 2. d4 {[%clk 1:30:07]} 2... d5
{[%clk 1:29:06]} 3. Nd2 {[%clk 1:31:00]} 3... Nc6 {[%clk 1:29:50]} 4. Ngf3
{[%clk 1:31:15]} 4... Nf6 {[%clk 1:30:14]} 5. e5 {[%clk 1:31:41]} 5... Nd7
{[%clk 1:30:39]} 6. Bd3 {[%clk 1:31:45]} 6... Nb4 {[%clk 1:30:05]} 7. Be2
{[%clk 1:32:11]} 7... c5 {[%clk 1:30:31]} 8. c3 {[%clk 1:32:39]} 8... Nc6
{[%clk 1:30:57]} 9. O-O {[%clk 1:33:00]} 9... Be7 {[%clk 1:30:48]} 10. Re1
{[%clk 1:33:15]} 10... g5 {[%clk 1:30:56]} 11. dxc5 {[%clk 1:33:29]} 11...
Nxc5 {[%clk 1:27:33]} 12. Nb3 {[%clk 1:31:15]} 12... Nxb3 {[%clk 1:17:17]} 13.
axb3 {[%clk 1:27:10]} 13... h5 {[%clk 1:15:52]} 14. Nd4 {[%clk 1:03:54]} 14...
g4 {[%clk 0:57:41]} 15. Nxc6 {[%clk 1:01:37]} 15... bxc6 {[%clk 0:57:54]} 16.
b4 {[%clk 1:01:48]} 16... Qc7 {[%clk 0:53:11]} 17. Be3 {[%clk 0:56:51]} 17...
c5 {[%clk 0:48:14]} 18. bxc5 {[%clk 0:49:51]} 18... Bxc5 {[%clk 0:48:42]} 19.
Qa4+ {[%clk 0:49:23]} 19... Bd7 {[%clk 0:46:54]} 20. Qf4 {[%clk 0:49:41]}
20... Bxe3 {[%clk 0:43:57]} 21. Qxe3 {[%clk 0:49:55]} 21... a5 {[%clk 0:37:26]}
 22. b4 {[%clk 0:48:00]} 22... Rg8 {[%clk 0:37:36]} 23. Ra3 {[%clk 0:46:53]}
23... a4 {[%clk 0:35:22]} 24. b5 {[%clk 0:42:05]} 24... h4 {[%clk 0:34:47]}
25. g3 {[%clk 0:41:09]} 25... h3 {[%clk 0:33:47]} 26. b6 {[%clk 0:37:22]}
26... d4 {[%clk 0:29:20]} 27. Qe4 {[%clk 0:32:43]} 27... Qc6 {[%clk 0:25:08]}
28. Qxc6 {[%clk 0:32:33]} 28... Bxc6 {[%clk 0:25:36]} 29. cxd4 {[%clk 0:32:54]}
 29... Rb8 {[%clk 0:18:37]} 30. Rb1 {[%clk 0:32:27]} 30... Ke7 {[%clk 0:14:38]}
 31. Kf1 {[%clk 0:32:25]} 31... f5 {[%clk 0:12:52]} 32. exf6+ {[%clk 0:32:48]}
32... Kxf6 {[%clk 0:13:20]} 33. f3 {[%clk 0:31:01]} 33... gxf3 {[%clk 0:13:12]}
 34. Bxf3 {[%clk 0:31:25]} 34... Rgc8 {[%clk 0:09:56]} 35. b7 {[%clk 0:25:59]}
35... Rc7 {[%clk 0:10:22]} 36. Bxc6 {[%clk 0:25:54]} 36... Rxc6 {[%clk
0:10:51]} 37. Rxa4 {[%clk 0:26:16]} 37... Rc7 {[%clk 0:11:17]} 38. Rab4 {[%clk
0:26:26]} 38... Kf5 {[%clk 0:11:11]} 39. R1b2 {[%clk 0:54:46]} 39... Ke4
{[%clk 0:39:34]} 40. Ke2 {[%clk 0:53:49]} 40... Rf7 {[%clk 0:37:40]} 41. R2b3
{[%clk 0:48:15]} 41... Rc7 {[%clk 0:35:59]} 42. Kd2 {[%clk 0:48:07]} 42... Rd7
{[%clk 0:35:19]} 43. Re3+ {[%clk 0:45:30]} 43... Kf5 {[%clk 0:35:47]} 44. Re5+
{[%clk 0:45:40]} 44... Kf6 {[%clk 0:36:15]} 45. Reb5 {[%clk 0:45:54]} 45...
Rc7 {[%clk 0:32:18]} 46. Ke3 {[%clk 0:45:47]} 46... Ke7 {[%clk 0:32:17]} 47.
Kf4 {[%clk 0:45:59]} 47... Kd6 {[%clk 0:31:50]} 48. g4 {[%clk 0:46:00]} 48...
Rf8+ {[%clk 0:31:15]} 49. Kg3 {[%clk 0:45:14]} 49... Rb8 {[%clk 0:30:31]} 50.
Kxh3 {[%clk 0:45:10]} 50... Rc3+ {[%clk 0:30:33]} 51. Kh4 {[%clk 0:45:25]}
51... Rc2 {[%clk 0:30:24]} 52. h3 {[%clk 0:45:42]} 52... Rc7 {[%clk 0:30:38]}
53. g5 {[%clk 0:46:00]} 53... Kd5 1-0

[Event "Reykjavik Open 2013"]
[Site "Reykjavik, Iceland"]
[Date "2013.02.26"]
[Round "9.39"]
[White "Hambleton, Aman"]
[Black "Jayakumar, Adarsh"]
[Result "1-0"]
[BlackElo "2271"]
[Classes "?"]
[TimeControl "?"]
[WhiteElo "2472"]

1. d4 d5 2. c4 e6 3. Nc3 c6 4. e3 f5 5. g4 Nf6 6. gxf5 exf5 7. Qb3 Bd6 8. cxd5
cxd5 9. Bg2 Be6 10. Qxb7 Nbd7 11. Qc6 Ke7 12. Bd2 Rb8 13. Nge2 Rxb2 14. Nb5
Qb8 15. Nxd6 Qxd6 16. Qxd6+ Kxd6 17. Bc1 Rc2 18. Ba3+ Kc6 19. Nf4 Bf7 20. O-O
Rc8 21. Rfb1 Ne4 22. Bf1 Nd2 23. Rc1 Rxc1 24. Rxc1+ Nc4 25. Bg2 Ndb6 26. Bc5
Kd7 27. h4 Nd6 28. Rc3 Na4 29. Ra3 Nxc5 30. dxc5 Rxc5 31. Rxa7+ Kd8 32. a4 h6
33. h5 Ke8 34. a5 Nc8 35. Ra8 Kd7 36. Nd3 Rc3 37. Ne5+ Ke6 38. Ra6+ Ke7 39.
Nxf7 Kxf7 40. Bxd5+ Ke7 41. Rg6 Kf8 42. Rc6 Rxc6 43. Bxc6 Ke7 44. Bb7 Na7 45.
Kg2 Kf6 46. Kg3 Kg5 47. Bf3 Nb5 48. a6 Na7 49. Bd1 Nb5 50. Ba4 Na7 51. Be8 Nc8
52. f4+ Kf6 53. Bg6 Na7 1-0